[Event "NOR-chB"]
[Site "Oslo"]
[Date "2023.07.08"]
[Round "9"]
[White "Ytrestoyl, Sindre Lyngsaunet"]
[Black "Stolp, Aleksander"]
[Result "1/2-1/2"]
[WhiteElo "2024"]
[BlackElo "1816"]
[PlyCount "135"]
[EventDate "2023.06.30"]
[EventType "swiss"]
[EventRounds "9"]
[EventCountry "NOR"]
[SourceTitle "EXT 2024"]
[Source "ChessBase"]
[SourceDate "2023.10.10"]
[SourceVersion "1"]
[SourceVersionDate "2023.10.10"]
[SourceQuality "1"]

1. d4 Nf6 2. Nf3 d5 3. c4 e6 4. Nc3 c5 5. cxd5 Nxd5 6. e4 Nxc3 7. bxc3 cxd4 8. cxd4 Bb4+ 9. Bd2 Bxd2+ 10. Qxd2 0-0 11. Be2 b6 12. 0-0 Bb7 13. Qe3 Nd7 14. Nd2 Rc8 15. Nb3 Nf6 16. f3 Qe7 17. a4 Rc7 18. Qd2 Rfc8 19. Bd3 a5 20. Rfb1 Qb4 21. Qxb4 axb4 22. a5 Rc3 23. Bf1 bxa5 24. Nxa5 Bc6 25. Nxc6 R3xc6 26. Rxb4 Kf8 27. Ra2 Rc1 28. Kf2 g5 29. Rbb2 Rd1 30. Rd2 Rxd2+ 31. Rxd2 Ke7 32. Kg3 Rc3 33. Bd3 Nh5+ 34. Kf2 Nf4 35. Bf1 Ng6 36. g3 h5 37. Ra2 Rc7 38. Ra5 f6 39. Bd3 Rb7 40. Ra6 Rc7 41. e5 Nf8 42. d5 exd5 43. Rxf6 Nd7 44. Rh6 Nxe5 45. Bf5 Nf7 46. Rxh5 Kf6 47. Bd3 Rc3 48. Be2 d4 49. h4 Kg6 50. g4 d3 51. Bd1 Rc2+ 52. Ke3 Rh2 53. Kxd3 Rxh4 54. Rxh4 gxh4 55. f4 h3 56. Ke3 h2 57. Bc2+ Kg7 58. Be4 Nh6 59. g5 Ng4+ 60. Ke2 Kf7 61. Kf1 Ke6 62. Bf3 h1Q+ 63. Bxh1 Kf5 64. Kg2 Kxf4 65. g6 Kg5 66. g7 Nh6 67. Kg3 Nf5+ 68. Kh3 1/2-1/2

[Event "NOR-chT Elite 2223"]
[Site "Norway"]
[Date "2023.03.04"]
[Round "8.46"]
[White "Stenersen, Gudmund"]
[Black "Stolp, Aleksander"]
[Result "1-0"]
[WhiteElo "2175"]
[BlackElo "1818"]
[PlyCount "103"]
[EventDate "2022.11.11"]
[EventType "team-tourn"]
[EventRounds "9"]
[EventCountry "NOR"]
[SourceTitle "CBM 213 Extra"]
[Source "ChessBase"]
[SourceDate "2023.05.31"]
[SourceVersion "1"]
[SourceVersionDate "2023.05.31"]
[SourceQuality "1"]
[WhiteTeam "Valerenga"]
[BlackTeam "Asker"]
[WhiteTeamCountry "NOR"]
[BlackTeamCountry "NOR"]

1. e4 c6 2. Nc3 d5 3. Nf3 Bg4 4. h3 Bxf3 5. Qxf3 e6 6. Bd3 Nd7 7. 0-0 Ne5 8. Qg3 Nxd3 9. Qxd3 dxe4 10. Qxd8+ Rxd8 11. Nxe4 Be7 12. d3 Nf6 13. Be3 b6 14. a4 Nd5 15. Bd2 Nf6 16. Bc3 0-0 17. Rfe1 Nxe4 18. Rxe4 Bf6 19. Bxf6 gxf6 20. Rg4+ Kh8 21. Rc4 c5 22. a5 Rd5 23. axb6 axb6 24. Ra7 Kg7 25. Rb7 Rd6 26. Rg4+ Kh6 27. Ra4 f5 28. b3 Kg6 29. Ra6 Rc8 30. Rbxb6 Rxb6 31. Rxb6 Kf6 32. f4 Ke7 33. Kf2 Ra8 34. Ke3 Rg8 35. Rc6 Rxg2 36. Rxc5 Rg3+ 37. Kd4 Rf3 38. b4 Rxf4+ 39. Kc3 Rf1 40. Rc7+ Ke8 41. Kb2 Rf4 42. c4 Rf2+ 43. Kc3 f4 44. b5 f3 45. Ra7 Rf1 46. Kd2 Rb1 47. Ke3 Rb3 48. Ra2 e5 49. Rd2 f5 50. Kxf3 e4+ 51. Ke3 Kd7 52. Kd4 1-0

[Event "Riga Tech Rapid op"]
[Site "Riga"]
[Date "2022.08.14"]
[Round "1"]
[White "Stolp, Aleksander"]
[Black "Sarkar, Justin"]
[Result "0-1"]
[WhiteElo "1796"]
[BlackElo "2352"]
[PlyCount "66"]
[EventDate "2022.08.14"]
[EventType "swiss (rapid)"]
[EventRounds "9"]
[EventCountry "LAT"]
[SourceTitle "CBM 209 Extra"]
[Source "ChessBase"]
[SourceDate "2022.09.30"]
[SourceVersion "1"]
[SourceVersionDate "2022.09.30"]
[SourceQuality "1"]

1. d4 d5 2. c4 c5 3. dxc5 e6 4. cxd5 Bxc5 5. e3 exd5 6. Nf3 Nf6 7. Be2 0-0 8. 0-0 Nc6 9. a3 Ne4 10. b4 Be7 11. Bb2 Bf6 12. Nd4 Qb6 13. Nxc6 bxc6 14. Bxf6 Nxf6 15. Nd2 a5 16. Qb3 Bf5 17. Bd3 Bxd3 18. Qxd3 axb4 19. Rab1 c5 20. axb4 cxb4 21. Rb3 h6 22. Rfb1 Ra4 23. Nf3 Qc5 24. Qd4 Rc8 25. Qxc5 Rxc5 26. h3 Ne4 27. Rxb4 Rxb4 28. Rxb4 Rc1+ 29. Kh2 Nxf2 30. Rb8+ Kh7 31. Rd8 Nd1 32. Rxd5 Nxe3 33. Rd2 Nf1+ 0-1

[Event "NOR-chT Clubs"]
[Site "Drammen"]
[Date "2022.05.26"]
[Round "3"]
[White "Stolp, Aleksander"]
[Black "Gildestad, Even"]
[Result "1-0"]
[WhiteElo "1658"]
[BlackElo "1090"]
[PlyCount "65"]
[EventDate "2022.05.26"]
[EventType "team-swiss"]
[EventRounds "6"]
[EventCountry "NOR"]
[SourceTitle "EXT 2024"]
[Source "ChessBase"]
[SourceDate "2023.10.10"]
[SourceVersion "1"]
[SourceVersionDate "2023.10.10"]
[SourceQuality "1"]
[WhiteTeam "Asker II"]
[BlackTeam "Kristiansund III"]
[WhiteTeamCountry "NOR"]
[BlackTeamCountry "NOR"]

1. d4 d5 2. c4 e6 3. Nf3 c5 4. cxd5 exd5 5. Nc3 Nf6 6. g3 Nc6 7. Bg2 Bd6 8. 0-0 0-0 9. dxc5 Bxc5 10. Bg5 h6 11. Bxf6 Qxf6 12. Qxd5 Bb4 13. Qb3 Be6 14. Qc2 Bc4 15. Rfe1 Rfe8 16. e3 Ne7 17. Nd4 Rab8 18. Rec1 Bxc3 19. Qxc3 Bd5 20. Nb5 Qb6 21. Qc5 Bxg2 22. Qxb6 axb6 23. Kxg2 Red8 24. Rc2 Nc6 25. a3 Rd5 26. Nc3 Rd3 27. Na4 Rb3 28. Rd1 b5 29. Nc5 Na5 30. Nxb3 Nxb3 31. Rd5 Na5 32. Rxb5 Nc6 33. Rxc6 1-0

[Event "Kragero op"]
[Site "Kragero"]
[Date "2022.02.26"]
[Round "7"]
[White "Stolp, Aleksander"]
[Black "Gharibyan, Mane"]
[Result "1-0"]
[WhiteElo "1680"]
[BlackElo "1592"]
[PlyCount "111"]
[EventDate "2022.02.23"]
[EventType "swiss"]
[EventRounds "9"]
[EventCountry "NOR"]
[SourceTitle "EXT 2023"]
[Source "ChessBase"]
[SourceDate "2022.10.05"]
[SourceVersion "1"]
[SourceVersionDate "2022.10.05"]
[SourceQuality "1"]

1. d4 Nf6 2. c4 e6 3. Nf3 b6 4. g3 Ba6 5. b3 Bb4+ 6. Bd2 Be7 7. Nc3 Bb7 8. Bg2 0-0 9. 0-0 c5 10. Re1 d5 11. cxd5 exd5 12. dxc5 bxc5 13. Rc1 Nbd7 14. Bg5 h6 15. Bxf6 Nxf6 16. Na4 Rc8 17. Ne5 Qa5 18. Qc2 Rfd8 19. Red1 Bd6 20. Qf5 Rc7 21. Ng4 Nxg4 22. Qxg4 c4 23. Qf5 Ba3 24. Rc2 c3 25. Rd4 Bb4 26. Qd3 Ba6 27. Qd1 Rcd7 28. e3 Rd6 29. Qc1 Rc8 30. a3 Bc5 31. b4 Bxb4 32. Rxb4 Bb5 33. Nxc3 Bd3 34. Rd2 Qa6 35. Rd4 Bg6 36. Qa1 Rdc6 37. Ne2 Bh5 38. g4 Bg6 39. Rxd5 Kh7 40. Bf3 Rb6 41. Kg2 Rb3 42. a4 Rcb8 43. Qe5 Qxa4 44. Ra5 Qb4 45. Rda2 Rb1 46. Rxa7 Qe1 47. Kg3 R8b5 48. Qc3 Qf1 49. Bg2 Qd1 50. Rd2 Qe1 51. Rd8 Qxe2 52. Raa8 Bc2 53. Rh8+ Kg6 54. Qc6+ f6 55. Qe8+ Kg5 56. h4# 1-0

[Event "Kragero op"]
[Site "Kragero"]
[Date "2022.02.25"]
[Round "6"]
[White "Amundsen, Ask"]
[Black "Stolp, Aleksander"]
[Result "1/2-1/2"]
[WhiteElo "1819"]
[BlackElo "1680"]
[PlyCount "248"]
[EventDate "2022.02.23"]
[EventType "swiss"]
[EventRounds "9"]
[EventCountry "NOR"]
[SourceTitle "EXT 2023"]
[Source "ChessBase"]
[SourceDate "2022.10.05"]
[SourceVersion "1"]
[SourceVersionDate "2022.10.05"]
[SourceQuality "1"]

1. e4 c6 2. d4 d5 3. exd5 cxd5 4. Bd3 Nc6 5. c3 Nf6 6. Bf4 Bg4 7. Qb3 Qd7 8. Nd2 e6 9. Ngf3 Bd6 10. Bxd6 Qxd6 11. 0-0 0-0 12. Rae1 Ne7 13. Ne5 Bf5 14. a4 a6 15. h3 b5 16. axb5 axb5 17. g4 Bxd3 18. Nxd3 Nc6 19. Nf3 b4 20. Nc5 bxc3 21. Qxc3 Rfc8 22. b4 Rab8 23. Rb1 Ne4 24. Qe3 Rxb4 25. Nxe4 dxe4 26. Qxe4 h6 27. Rbc1 Ne7 28. Rxc8+ Nxc8 29. Qa8 Rb8 30. Qa4 Nb6 31. Qc2 Nd5 32. Ne5 Nf4 33. Kh2 Qxd4 34. Nc6 Qb2 35. Qe4 Nd5 36. Nxb8 Qxb8+ 37. Kh1 Qb3 38. Kg2 Qb8 39. Rb1 Qd6 40. Qf3 Nf4+ 41. Kg1 Qd2 42. Rb8+ Kh7 43. Qe4+ g6 44. Qf3 Ne2+ 45. Kg2 Nf4+ 46. Kg3 Ne2+ 47. Kg2 Nf4+ 48. Kh2 Qd6 49. Rb7 Ne2+ 50. Kg2 Nf4+ 51. Kg1 Kg7 52. Qc3+ e5 53. Qc7 Nxh3+ 54. Kh2 Qxc7 55. Rxc7 Nxf2 56. Kg3 Ne4+ 57. Kf3 Nf6 58. Rc6 e4+ 59. Kf4 e3 60. Rc2 Nd5+ 61. Kf3 Kf6 62. Rc6+ Ke5 63. Rc8 f5 64. Rh8 fxg4+ 65. Kxg4 h5+ 66. Kg5 Nf4 67. Re8+ Ne6+ 68. Kxg6 Kd5 69. Kf6 Nc5 70. Rxe3 Ne4+ 71. Kf5 Nf2 72. Kg5 Kd4 73. Re7 Nd3 74. Kxh5 Ne5 75. Kg5 Nc6 76. Re8 Kd5 77. Kf5 Nd4+ 78. Kf6 Nc6 79. Re1 Nd4 80. Rd1 Ke4 81. Rh1 Nf3 82. Ra1 Nd4 83. Ra4 Kd5 84. Ra8 Nc6 85. Kf5 Nd4+ 86. Kf4 Ne6+ 87. Ke3 Nc5 88. Rh8 Ke5 89. Rh5+ Kd6 90. Kd4 Ne6+ 91. Kc4 Nf4 92. Ra5 Ke6 93. Kd4 Ng6 94. Ke4 Ne7 95. Ra6+ Kd7 96. Ke5 Nc6+ 97. Ke4 Kd6 98. Ra1 Ne7 99. Rc1 Ke6 100. Ra1 Kd6 101. Ra5 Nc6 102. Rh5 Ne7 103. Rh6+ Kd7 104. Ke5 Nc6+ 105. Kd5 Ne7+ 106. Kc5 Nf5 107. Rf6 Ne7 108. Ra6 Nf5 109. Rg6 Ne7 110. Rd6+ Ke8 111. Ra6 Kd7 112. Kd4 Nc6+ 113. Kc5 Ne7 114. Rh6 Nf5 115. Rh1 Ke6 116. Re1+ Kf6 117. Kd5 Ne7+ 118. Kd6 Nf5+ 119. Kd7 Nd4 120. Re4 Nf5 121. Re1 Nd4 122. Kd6 Nf5+ 123. Kd5 Ne7+ 124. Ke4 Ke6 1/2-1/2

[Event "Kragero op"]
[Site "Kragero"]
[Date "2022.02.24"]
[Round "4"]
[White "Stolp, Aleksander"]
[Black "Ostensen, Nicolai Maxime"]
[Result "0-1"]
[WhiteElo "1680"]
[BlackElo "1728"]
[PlyCount "126"]
[EventDate "2022.02.23"]
[EventType "swiss"]
[EventRounds "9"]
[EventCountry "NOR"]
[SourceTitle "EXT 2023"]
[Source "ChessBase"]
[SourceDate "2022.10.05"]
[SourceVersion "1"]
[SourceVersionDate "2022.10.05"]
[SourceQuality "1"]

1. d4 Nf6 2. c4 c5 3. d5 e6 4. Nc3 exd5 5. cxd5 d6 6. Nf3 g6 7. Nd2 a6 8. a4 Bg7 9. e4 0-0 10. Be2 Nbd7 11. 0-0 Rb8 12. a5 Ne8 13. Nc4 Qe7 14. Qc2 Ne5 15. Nb6 f5 16. f4 Nd7 17. Nxc8 Rxc8 18. exf5 gxf5 19. Nd1 Nef6 20. Ne3 Ne4 21. Bf3 Rce8 22. Ra3 Bd4 23. Kh1 Qf7 24. Qd1 Qe7 25. Rb3 Rb8 26. Qc2 Bxe3 27. Rxe3 Ndf6 28. Bxe4 Nxe4 29. b3 Rbe8 30. Rff3 Rf6 31. Bb2 Rg6 32. Kg1 Qd8 33. Bc3 Qd7 34. Qd3 h6 35. Bb2 Qb5 36. Qxb5 axb5 37. Rf1 b4 38. Ra1 Ra8 39. Ra4 Ra6 40. Rh3 Nd2 41. Rd3 Ne4 42. Rh3 Ra8 43. Rh5 Nd2 44. Rh3 Kh7 45. Re3 Ne4 46. Rh3 Rg4 47. Rf3 Rgg8 48. Rh3 Ra6 49. Re3 h5 50. Re1 Rga8 51. Rea1 Kg6 52. g3 Kf7 53. Kg2 Nd2 54. Re1 Rxa5 55. Rxa5 Rxa5 56. Re6 Ne4 57. Kh3 b5 58. Rh6 Ra2 59. Bh8 Nf2+ 60. Kh4 Ne4 61. Kh3 c4 62. Bd4 Rd2 63. Bh8 cxb3 0-1

[Event "Fagernes op"]
[Site "Fagernes"]
[Date "2020.10.09"]
[Round "7"]
[White "Granum, Roger"]
[Black "Stolp, Aleksander"]
[Result "0-1"]
[WhiteElo "1599"]
[BlackElo "1580"]
[PlyCount "70"]
[EventDate "2020.10.04"]
[EventType "swiss"]
[EventRounds "9"]
[EventCountry "NOR"]
[SourceTitle "EXT 2024"]
[Source "ChessBase"]
[SourceDate "2023.10.10"]
[SourceVersion "1"]
[SourceVersionDate "2023.10.10"]
[SourceQuality "1"]

1. e4 c6 2. Nc3 d5 3. d4 dxe4 4. Nxe4 Nf6 5. Nxf6+ exf6 6. Be3 Bd6 7. Bd3 0-0 8. Ne2 Re8 9. Ng3 Qc7 10. Qf3 Nd7 11. 0-0-0 Nf8 12. h4 Bxg3 13. fxg3 Bg4 14. Qxg4 Rxe3 15. Qf4 Qxf4 16. gxf4 Ng6 17. Bxg6 fxg6 18. g4 Rae8 19. h5 g5 20. fxg5 fxg5 21. d5 cxd5 22. Rxd5 h6 23. Rg1 R3e4 24. c3 Rf4 25. Rd7 Rf7 26. Rxf7 Kxf7 27. Kd2 Re4 28. Kd3 Rf4 29. Rg3 Rf2 30. b4 Rxa2 31. Rf3+ Ke7 32. Ke4 a5 33. b5 Ra4+ 34. Kf5 Rf4+ 35. Rxf4 gxf4 0-1

[Event "Fagernes op"]
[Site "Fagernes"]
[Date "2020.10.07"]
[Round "5"]
[White "Selvik, Elma"]
[Black "Stolp, Aleksander"]
[Result "1/2-1/2"]
[WhiteElo "1384"]
[BlackElo "1580"]
[PlyCount "67"]
[EventDate "2020.10.04"]
[EventType "swiss"]
[EventRounds "9"]
[EventCountry "NOR"]
[SourceTitle "EXT 2024"]
[Source "ChessBase"]
[SourceDate "2023.10.10"]
[SourceVersion "1"]
[SourceVersionDate "2023.10.10"]
[SourceQuality "1"]

1. e4 c6 2. d4 d5 3. exd5 cxd5 4. c4 Nf6 5. Nc3 dxc4 6. Bxc4 e6 7. Bg5 Be7 8. Nf3 a6 9. d5 Nxd5 10. Nxd5 Bxg5 11. Nxg5 exd5 12. Qxd5 Qe7+ 13. Qe4 Qxe4+ 14. Nxe4 0-0 15. 0-0 Bd7 16. Rad1 Bb5 17. Bxb5 axb5 18. a3 b4 19. Rd3 bxa3 20. bxa3 Nc6 21. Rb1 Rfd8 22. Rxd8+ Nxd8 23. Rb3 g6 24. Nd6 Ra6 25. Nxb7 Nxb7 26. Rxb7 Rxa3 27. g3 h5 28. h4 Kg7 29. Rb6 Ra1+ 30. Kg2 Ra2 31. Kg1 Ra1+ 32. Kg2 Ra2 33. Kg1 Ra1+ 34. Kg2 1/2-1/2

[Event "Asker CC"]
[Site "Asker"]
[Date "2019.04.01"]
[Round "7"]
[White "Yggeseth, Oistein"]
[Black "Stolp, Aleksander"]
[Result "0-1"]
[WhiteElo "1359"]
[BlackElo "1532"]
[PlyCount "50"]
[EventDate "2019.02.26"]
[EventType "swiss"]
[EventRounds "9"]
[EventCountry "NOR"]
[SourceTitle "EXT 2024"]
[Source "ChessBase"]
[SourceDate "2023.10.10"]
[SourceVersion "1"]
[SourceVersionDate "2023.10.10"]
[SourceQuality "1"]

1. e4 c5 2. Nf3 d6 3. d4 cxd4 4. Nxd4 Nf6 5. Nc3 a6 6. Be2 e6 7. 0-0 Be7 8. Bg5 0-0 9. Qd2 b5 10. b4 Bb7 11. Bf3 Nbd7 12. Rfe1 Ne5 13. Bd1 Nc4 14. Qc1 Rc8 15. Kf1 Qc7 16. f3 h6 17. Bh4 Ne5 18. Nce2 d5 19. exd5 Bxd5 20. a3 Rfd8 21. Kg1 Bc4 22. Bg3 Bxe2 23. Nxe2 Qb6+ 24. Kh1 Nd3 25. Qd2 Nf2+ 0-1

[Event "Stjernen NGP B"]
[Site "Oslo"]
[Date "2018.06.09"]
[Round "3"]
[White "Stolp, Aleksander"]
[Black "Beitnes, Andreas Roberg"]
[Result "1-0"]
[WhiteElo "1456"]
[BlackElo "1466"]
[PlyCount "85"]
[EventDate "2018.06.08"]
[EventType "swiss"]
[EventRounds "6"]
[EventCountry "NOR"]
[SourceTitle "EXT 2024"]
[Source "ChessBase"]
[SourceDate "2023.10.10"]
[SourceVersion "1"]
[SourceVersionDate "2023.10.10"]
[SourceQuality "1"]

1. e4 e5 2. Nf3 Nc6 3. Bc4 Nf6 4. Nc3 Nxe4 5. Nxe4 d5 6. Bb5 dxe4 7. Nxe5 Qd5 8. Nxc6 Qxb5 9. Nd4 Qg5 10. g3 Bg4 11. d3 Qa5+ 12. Bd2 Bb4 13. Qxg4 Bxd2+ 14. Kd1 Bh6 15. Qxe4+ Kd8 16. c3 Re8 17. Qxb7 Kd7 18. Qc6+ Ke7 19. Qxa8 Qh5+ 20. Qf3 Qg5 21. Re1+ Kf8 22. Rxe8+ Kxe8 23. Qe3+ Qxe3 24. fxe3 Bxe3 25. Ke2 Bh6 26. Nf5 Kf8 27. Nxh6 gxh6 28. Rf1 h5 29. Rf5 Kg7 30. Rxh5 Kg6 31. Rc5 a5 32. Rxc7 a4 33. d4 a3 34. b4 f5 35. b5 h5 36. b6 h4 37. b7 Kg5 38. b8Q Kg4 39. gxh4 f4 40. Rg7+ Kh3 41. Qb7 f3+ 42. Qxf3+ Kxh4 43. Qg4# 1-0